000 01204nam a22003377a 4500
003 CHAP
005 20220329143539.0
008 100512s1983 mx a r 00010 spa d
010 _a98372
011 _a99344
020 _a8489600627
035 _a110030
040 _cCHAP
090 _aFolleto 17643
245 0 3 _aLa barreta o barreto, Helietta parvifolia, recurso vegetal desaprovechado del semidesierto del noreste de México
_c/por Magdalena Rovalo ...[et al.]
260 _aXalapa, Ver. :
_bINIREB,
_c1983
300 _a19 p. :
_bcuadros, gráfs., ilus.
490 0 _aCuadernos de divulgación INIREB
_v; 11
590 _aBATCH-UPD
_b10
_c20130110
_lUCH01
_h0942
590 _aBATCH-UPD
_b10
_c20130410
_lUCH01
_h0558
590 _aBATCH-UPD
_b10
_c20130914
_lUCH01
_h1047
590 _aCONVERSION
_b10
_c20130109
_lUCH01
_h1354
650 1 4 _aControl biológico de plagas.
_927587
650 1 4 _aHelietta parvifolia.
_953431
650 1 4 _aPlantas insecticidas.
_989010
700 0 _aRovalo Merino, Magdalena.
_9100339
830 0 _aCuadernos de divulgación INIREB
_v; 11
_929768
901 _aBK
942 _cFOLL
949 _aFolleto 17643
_bBC
_cFOLL
_d33724002166017
_eTS1
_gDonaciØn
_i110030
_sb
999 _c98372
_d98372